Femenino fin de siglo: la seducción de la diferencia
Պահպանված է:
| Հիմնական հեղինակ: | |
|---|---|
| Ձևաչափ: | Գիրք |
| Լեզու: | իսպաներեն |
| Հրապարակվել է: |
Barcelona
Anthropos
1994
|
| Շարք: | Biblioteca A, 2
|
| Խորագրեր: | |
| Ցուցիչներ: |
Ավելացրեք ցուցիչ
Չկան պիտակներ, Եղեք առաջինը, ով նշում է այս գրառումը!
|
MARC
| LEADER | 00000nam a2200000 a 4500 | ||
|---|---|---|---|
| 001 | UCY2184 | ||
| 003 | CL-VaPUC | ||
| 008 | 941014e19940000SP |||||||||||||||||spa|d | ||
| 020 | |a 8476584296 | ||
| 082 | 0 | 4 | |a 305.4 |b ROD |2 21 |
| 100 | 0 | |a Rodríguez Magda, Rosa María |e author |9 330225 | |
| 245 | 1 | 0 | |a Femenino fin de siglo: la seducción de la diferencia |
| 300 | |a 207 p | ||
| 942 | |c BK | ||
| 945 | |d 19941014 00:00:00 |a rbrito | ||
| 260 | |a Barcelona |b Anthropos |c 1994 | ||
| 650 | 0 | |a Feminismo |9 259085 | |
| 650 | 7 | |a MUJERES CUESTIONES SOCIALES Y MORALES |2 CL-VaPUC |9 330226 | |
| 583 | |a last modification |c 19941014 00:00:00 |k Rodrigo Vera | ||
| 490 | 0 | |a Biblioteca A, 2 | |
| 999 | |c 230660 |d 230658 | ||
| 952 | |0 0 |1 0 |4 0 |6 305_400000000000000_ROD_1994 |7 0 |8 A |9 233085 |a BIBHIS |b BIBHIS |d 2019-11-15 |i 3024334 |o 305.4 ROD 1994 |p 3024334 |r 2025-01-20 |w 2019-11-15 |y BK |k HIS | ||
| 952 | |0 0 |1 0 |4 0 |6 305_400000000000000_ROD_1994 |7 0 |8 A |9 233086 |a BIBCUR |b BIBCUR |d 2019-11-15 |i 428951K |o 305.4 ROD 1994 |p 428951K |r 2025-04-22 |w 2019-11-15 |y BK |k PER | ||